Liminal Spaces in Pokémon Games - Statistics

General Stats
  • This quiz has been taken 40 times
  • The average score is 5 of 16
Answer Stats
Picture Answer % Correct
Mirage Island
74%
Kalos Route 1
47%
Turnback Cave
42%
Sinjoh Ruins
39%
Birth Island
37%
Black City
37%
Navel Rock
32%
Underground Path
32%
Marvelous Bridge
21%
Sendoff Spring
21%
Ten Carat Hill
21%
Abyssal Ruins
18%
Southern Island
18%
Bellchime Trail
16%
Seabreak Path
11%
Chamber of Emptiness
8%
No matching quizzes found
Score Distribution
Percent of People with Each Score
Percentile by Number Answered
Your Score History
You have not taken this quiz